000
00245nam a22001217a 4500
020
_a
978-0-439-83380-6
082
_a
MEL/W
245
_a
WHAT MAKES THE LIGHT BRIGHT
260
_a
UK
_b
SCHOLASTIC
300
_a
48
650
_a
GK
_z
UK
942
_c
BK
999
_c
6273
_d
6273